Through The Dark - One Direction (All Lyrics) - Statistics

General Stats
  • This quiz has been taken 86 times
    85 since last reset
  • The average score is 318 of 364
Answer Stats
Lyrics % Correct
you
100%
I
98%
your
98%
a
96%
and
96%
for
94%
is
94%
to
94%
way
94%
be
93%
carry
93%
dark
93%
oh,
93%
the
93%
through
93%
when
93%
will
93%
love
91%
on
91%
strong
91%
we
91%
down
89%
enough
89%
find
89%
heart
89%
know
89%
night
89%
over
89%
that
89%
coming
87%
don't
87%
hold
87%
hope
87%
in
87%
just
87%
me
87%
water
87%
closer,
85%
here
85%
i'll
85%
see
85%
see,
85%
tell
85%
wanna
85%
can
83%
you're
83%
are
81%
but
81%
fire
81%
again
80%
back
80%
if
80%
out
80%
so
80%
stay
80%
lost
78%
burn
76%
come
76%
it's
76%
let
76%
smile
76%
even
74%
loved
74%
scream
74%
easy
72%
fall
72%
laugh
72%
shout
72%
take
72%
ya
72%
break
70%
tears
70%
there
70%
it'll
69%
laughin'
69%
let's
69%
need
69%
hurt,
67%
never
67%
only
67%
or
67%
pain
67%
i'd
65%
sad
65%
apart
63%
remember
63%
could
61%
hiding
61%
wish
61%
cry
59%
all
57%
start
57%
(would,
54%
would)
54%
vain
52%
head
48%
shame
46%
held
41%
worry
33%
No matching quizzes found
Score Distribution
Percent of People with Each Score
Percentile by Number Answered
Your Score History
You have not taken this quiz since the last reset